عرض عادي
عرض مارك
- التمثيل السياسي
دخول Topical Term
001 - CONTROL NUMBER
- control field: 29861
003 - CONTROL NUMBER IDENTIFIER
- control field: AE-AdECS
005 - DATE AND TIME OF LATEST TRANSACTION
- control field: 20260511073613.0
008 - FIXED-LENGTH DATA ELEMENTS
- fixed length control field: 260511|| aca||aabn | a|a d
040 ## - CATALOGING SOURCE
- Original cataloging agency: AE-AdECS
- Transcribing agency: AE-AdECS
150 ## - HEADING--TOPICAL TERM
- Topical term or geographic name entry element: التمثيل السياسي
670 ## - SOURCE DATA FOUND
- Source citation: Work cat.: (AE-AdECS)295087: المساري، محمد عبد حمادي، مؤلف. 29860, النظام الانتخابي و بناء العملية الديمقراطية /
